40 Cosas que sólo hacen los abuelos / (Record no. 168883)

MARC details
000 -CABECERA
campo de control de longitud fija 00791cam a22002654a 4500
003 - IDENTIFICADOR DEL NÚMERO DE CONTROL
campo de control UPN
005 - FECHA Y HORA DE LA ÚLTIMA TRANSACCIÓN
campo de control 20240228064127.0
008 - ELEMENTOS DE LONGITUD FIJA--INFORMACIÓN GENERAL
campo de control de longitud fija 140402s2007 es a r 000 j spa d
020 ## - NÚMERO INTERNACIONAL NORMALIZADO PARA LIBROS
Número Internacional Estándar del Libro 9788467517774
035 ## - NÚMERO DE CONTROL DEL SISTEMA
Número de control de sistema UPN01000196782
040 ## - FUENTE DE LA CATALOGACIÓN
Centro catalogador/agencia de origen UPN
Lengua de catalogación spa
Centro/agencia transcriptor UPN
049 ## - COLECCIÓN
Colección I
050 #4 - SIGNATURA TOPOGRÁFICA DE LA BIBLIOTECA DEL CONGRESO
Número de clasificación PZ8.9
Número de documento/Ítem Z5.2
100 1# - ASIENTO PRINCIPAL--NOMBRE PERSONAL
Nombre de persona Ziefert, Harriet,
Fechas asociadas al nombre 1941-
9 (RLIN) 35282
245 10 - MENCIÓN DE TÍTULO
Título 40 Cosas que sólo hacen los abuelos /
Mención de responsabilidad, etc. Harriet Ziefert ; il. Amanda Haley.
260 ## - PUBLICACIÓN, DISTRIBUCIÓN, ETC.
Lugar de publicación, distribución, etc. Madrid :
Nombre del editor, distribuidor, etc. SM,
Fecha de publicación, distribución, etc. c2007.
300 ## - DESCRIPCIÓN FÍSICA
Extensión [30] p. :
Otras características físicas principalmente il. col.
534 ## - NOTA SOBRE LA VERSIÓN ORIGINAL
Frase introductoria Título original:
Mención de título del original 40 uses for a Grandpa
650 #4 - ASIENTO SECUNDARIO DE MATERIA - TERMINO TEMATICO
Término de materia o nombre geográfico como elemento de entrada Abuelos y nietos
9 (RLIN) 11989
650 #4 - ASIENTO SECUNDARIO DE MATERIA - TERMINO TEMATICO
Término de materia o nombre geográfico como elemento de entrada Relaciones de familia
9 (RLIN) 6077
650 #4 - ASIENTO SECUNDARIO DE MATERIA - TERMINO TEMATICO
Término de materia o nombre geográfico como elemento de entrada Libros y lectura para niños
9 (RLIN) 2290
905 ## - TIPO DE MATERIAL
Tipo de material Infantil
942 ## - ELEMENTOS DE PUNTO DE ACCESO ADICIONAL (KOHA)
Fuente del sistema de clasificación o colocación Library of Congress Classification
Tipo de ítem Koha Libro
Holdings
Estado de retiro Estado de pérdida Fuente del sistema de clasificación o colocación Estado dañado No para préstamo Código de colección Localización permanente Ubicación/localización actual Ubicación en estantería Fecha de adquisición Clasificación Código de barras Fecha visto por última vez Número de copia Tipo de ítem Koha
    Library of Congress Classification     Infantil Bib. Gregorio Torres Quintero Bib. Gregorio Torres Quintero Sala infantil Planta baja 10/05/2023 PZ8.9 Z5.2 296436 31/12/2020 1 Libro